000 01397nam a2200289Ia 4500
003 CO-CtgCURN
005 20250329173537.0
008 200803s2018 xx f 000 0 spa d
040 _aCO-CtgCURN
_bspa
_ccoctgcurn
082 _a610.73
_bC966p
245 0 _aCuidados en el paciente pediátrico
_h[electronic resource] /
_ced., Manuel Luis Martí ; Silvina Estrada de Ellis
260 _aArgentina :
_bFundación Alberto J. Roemmers,
_c2018
300 _arecurso en línea ( 227 páginas) :
336 _atexto
_btxt
337 _acomputador
_bc
338 _arecurso en línea
_bcr
504 _aIncluye referencias bibliográficas
505 _aLa familia en la terapia intensiva -- Programa de capacitación para gestión de enfermería -- Atención del paciente con leucemia linfoblástica aguda -- Medición de la fatiga en el paciente oncológico -- Enfermería en el manejo de infecciones
590 _aPrograma de Enfemería_27
650 _aEnfermedades en niños
_94690
650 _aEnfermería pediátrica.
_94691
700 _aEstrada de Ellis, Silvina
_eeditor
_94692
700 _aMartí, Manuel Luis
_eeditor
_94693
856 _uhttps://unicurn.sharepoint.com/:b:/s/biblioteca/EeEHXZL_6WBIoG7PSzed-nEBAzppxQpryOEbXnh4Q7E88Q?e=JTftqp
_zVea este libro electrónico
942 _cCF
_h610.73
_iC966p
_2ddc
999 _c7803
_d7803